LIBRARY & INFORMATION CENTRE, KCAET, TAVANUR

ONLINE PUBLIC ACCESS CATALOGUE (OPAC)

Mechanical engineer`s Handbook : Design and Production Volume / (Record no. 3123)

MARC details
000 -LEADER
fixed length control field 00411cam a2200145ua 4500
041 ## - LANGUAGE CODE
Language code of text/sound track or separate title eng
082 ## - DEWEY DECIMAL CLASSIFICATION NUMBER
Classification number 028.71621
Item number CAR/ME
100 ## - MAIN ENTRY--AUTHOR NAME
Personal name Carmichael, Colin .
245 ## - TITLE STATEMENT
Title Mechanical engineer`s Handbook : Design and Production Volume /
260 ## - PUBLICATION, DISTRIBUTION, ETC. (IMPRINT)
Place of publication New York :
Name of publisher John Wiley & Sons ,
Year of publication 1950.
300 ## - PHYSICAL DESCRIPTION
Number of Pages 1340 ; .
942 ## - ADDED ENTRY ELEMENTS (KOHA)
Koha item type Books
Holdings
Withdrawn status Lost status Damaged status Home library Current library Date acquired Full call number Accession Number Koha item type
      KAUAET KAUAET 27/03/1987 028.71621 16203 Books
free website counter